Organisational commitment and motivation among managerial staff (Record no. 59675)

000 -LEADER
fixed length control field 01170pab a2200169 454500
008 - FIXED-LENGTH DATA ELEMENTS--GENERAL INFORMATION
fixed length control field 180718b2003 xxu||||| |||| 00| 0 eng d
100 ## - MAIN ENTRY--PERSONAL NAME
Personal name Sharma, Radha R.
245 ## - TITLE STATEMENT
Title Organisational commitment and motivation among managerial staff
260 ## - PUBLICATION, DISTRIBUTION, ETC.
Date of publication, distribution, etc. 2003
300 ## - PHYSICAL DESCRIPTION
Extent p.251-57.
362 ## - DATES OF PUBLICATION AND/OR SEQUENTIAL DESIGNATION
Dates of publication and/or sequential designation Jul-Sep
520 ## - SUMMARY, ETC.
Summary, etc. Organisational Commitment (OC) is an intense positive orientation towards an orbganisation, one's identification with it, viewing the organisation's goal as one's own and overstretching oneself to achieve the same. Motivation, a driving force for goal directed activity and OC, exerts considerable influence on various aspects of work performance and withdrawal behaviour. The present study is an attempt to explore determinants of organisational commitment and motivation from among 11 organisational variables. Based on a sample of 254 middle level managers from a high performing organisation, the study reveals that job content and scope for advancement are critical determinants of organisational commitment and work motivation. - Reproduced.
650 ## - SUBJECT ADDED ENTRY--TOPICAL TERM
Topical term or geographic name entry element Organizations
700 ## - ADDED ENTRY--PERSONAL NAME
Personal name Sharma, Baldev R.
773 ## - HOST ITEM ENTRY
Main entry heading Productivity
909 ## -
-- 59675
Holdings
Withdrawn status Lost status Damaged status Not for loan Permanent Location Current Location Date acquired Serial Enumeration / chronology Barcode Date last seen Price effective from Koha item type
        Indian Institute of Public Administration Indian Institute of Public Administration 2018-07-19 Volume no: 44, Issue no: 2 AR60120 2018-07-19 2018-07-19 Articles

Powered by Koha